| 000 | 01011nam a22002777a 4500 | ||
|---|---|---|---|
| 005 | 20130515115237.0 | ||
| 008 | 130515b xxu||||| |||| 00| 0 eng d | ||
| 010 | _aB-505149-179 | ||
| 020 |
_a9780070139602 _c315.00 |
||
| 020 |
_a0070139601 _c315.00 |
||
| 035 | _aB-505149-179 | ||
| 037 | _bUBH/Ven | ||
| 040 |
_adpl _bEnglish |
||
| 082 | _a488.24 | ||
| 100 | _aCollins, Tim. | ||
| 245 |
_aCorrect your English errors : _bavoid 99% of the common mistakes made by learners of English / _cby Tim Collins. |
||
| 260 |
_aNew Delhi _bTata McGraw-Hill Publishing _c2012 |
||
| 270 |
_a7 West Patel Nagar _bNew Delhi _e110008 |
||
| 300 |
_aix, 309 p. _c21 cm (pbk) |
||
| 500 | _aIncludes index. | ||
| 650 |
_aEnglish language _vTextbooks for foreign speakers. |
||
| 650 |
_aEnglish language _xUsage. |
||
| 650 |
_aEnglish language _xErrors of usage. |
||
| 942 |
_2ddc _cEN _h488.24 _mCOL |
||
| 999 |
_c75632 _d75632 |
||